000 00378nam a2200157Ia 4500
008 230917s9999||||xx |||||||||||||| ||und||
040 _e181984
_aMAIN
041 _aEnglish
082 _a658.8 A41S(7)
100 _aAaker, David A
245 0 _aStrategic market management
250 _a7th ed.
260 _aNew Delhi
_bJohn Wiley
_c2005
300 _a356 p.
942 _cBK
999 _c164424
_d164424